000 00656nam a22001937a 4500
005 20170623162109.0
010 _aENG-118883
020 _a9789384052188
_c599.00
035 _aEN-102415
037 _bDBAD/PUB
082 _a363.3250681
100 _aChadha, Vivek
245 _aLife blood of terrorism :
_cby Vivek Chadha
_bcountering terrorism finace /
260 _aNew Delhi
_bBloomsbury Publishing
_c2015
270 _aVishurut Building, DDA Complex, Building No.3 Pocket C-6 & 7, Vasant Kunj
_bNew Delhi
_e110070
300 _axiv,258p.:
_c24cm(Hb)
_bmaps.
500 _aIncludes index
942 _2ddc
_cEN
_h363.3250681
_mCHA
999 _c141460
_d141460